| Поле | Инд. | ПП | Название | Значение |
|---|---|---|---|---|
| Тип записи | a | |||
| Библиографический уровень | m | |||
| 001 | Контрольный номер | RU/IS/BASE/376657430 | ||
| 005 | Дата корректировки | 20150513113541.2 | ||
| 020 | a | ISBN | 978-5-459-01081-7 | |
| 040 | a | Служба первич. каталог. | НБ ТвГУ | |
| b | Код языка каталог. | rus | ||
| e | Правила каталог. | PSBO | ||
| 041 | 0_ | a | Код языка текста | rus |
| 080 | a | Индекс УДК | 32.0(100)(091)(075.8) | |
| 084 | a | Индекс другой классификации/Индекс ББК | Ф1(0)я73-1 | |
| 090 | a | Полочн. индекс | Ф1(0) | |
| x | Авторский знак | И 90 | ||
| 245 | 10 | a | Заглавие | История политических учений |
| b | Продолж. заглавия | [учебник для вузов : для бакалавров] | ||
| c | Ответственность | под ред. А. К. Голикова, Б. А. Исаева | ||
| 260 | a | Место издания | Москва [и др.] | |
| b | Издательство | Питер | ||
| c | Дата издания | 2012 | ||
| 300 | a | Объем | 429, [1] с. | |
| 440 | _0 | a | Серия | Стандарт третьего поколения |
| 504 | a | Библиография | Библиор в конце кн., в конце разд. и в подстроч. примеч. | |
| 520 | a | Аннотация | В учебнике прослеживается развитие всемирной истории политической мысли от истоков до первой четверти XX в. Главное внимание уделено наиболее значимым политическим учениям, теориям и концепциям, оказавшим существенное влияние на развитие мировой политической мысли. Данное издание может быть использовано юристами, политологами, историками и студентами (а также преподавателями) других специальностей гуманитарных факультетов высших учебных заведений и широким кругом читателей, формирующих собственную мировоззренческую позицию. | |
| 653 | a | Ключевые слова | История политических учений | |
| a | Ключевые слова | История политической мысли | ||
| a | Ключевые слова | Политическая мысль | ||
| a | Ключевые слова | Политические учения | ||
| a | Ключевые слова | Политология | ||
| a | Ключевые слова | Учебники для вузов | ||
| 700 | a | Другие авторы | Голиков Альберт Константинович | |
| q | Полное имя | Голиков, А. К. | ||
| 700 | 1_ | a | Другие авторы | Исаев Борис Акимович |
| q | Полное имя | Исаев, Б. А. | ||
| 700 | 1_ | a | Другие авторы | Бегунов Юрий Константинович |
| q | Полное имя | Бегунов, Ю. К. | ||
| 700 | 1_ | a | Другие авторы | Голубев Анатолий Алексеевич |
| q | Полное имя | Голубев, А. А. | ||
| 700 | 1_ | a | Другие авторы | Кузовлев Андрей Евгеньевич |
| q | Полное имя | Кузовлев, А. Е. | ||
| 700 | 1_ | a | Другие авторы | Селентьева Дарья Олеговна |
| q | Полное имя | Селентьева, Д. О. | ||
| 700 | 1_ | a | Другие авторы | Сирота Наум Михайлович |
| q | Полное имя | Сирота, Н. М. | ||
| 700 | 1_ | a | Другие авторы | Хомелева Рамона Александровна |
| q | Полное имя | Хомелева, Р. А. | ||
| 901 | t | Тип документа | m | |
| 920 | a | Оператор | Густ | |
| 930 | a | Новая/Ретро | учебники | |
| 940 | a | ФУС | ||
| d | история политических учений | |||
| 952 | c | Вид литературы | К ру | |
| 954 | a | Дата поступления на обработку | 20111209 | |
| 990 | a | Автор заказа (DOS) | каф. политологии | |
| b | Заказано (DOS) | 5 |